[Event "Ludwigshafen-ch 21st"]
[Site "Ludwigshafen"]
[Date "2007.08.30"]
[Round "3"]
[White "Karapanagiotidis, Nikolaos"]
[Black "Kelemen, Kornel"]
[Result "1-0"]
[WhiteElo "1213"]
[BlackElo "1378"]
[PlyCount "122"]
[EventDate "2007.08.25"]
[EventType "swiss"]
[EventRounds "7"]
[EventCountry "GER"]
[SourceTitle "EXT 2008"]
[Source "ChessBase"]
[SourceDate "2007.11.25"]
[SourceVersion "1"]
[SourceVersionDate "2007.11.25"]
[SourceQuality "1"]

1. Nf3 d5 2. g3 Nc6 3. Bg2 e5 4. d3 Be6 5. 0-0 Bd6 6. e4 d4 7. Nbd2 b5 8. a4 a6 9. axb5 axb5 10. Rxa8 Qxa8 11. Ng5 Bd7 12. f4 Nf6 13. fxe5 Nxe5 14. Ngf3 Nfg4 15. Nb3 Ne3 16. Bxe3 dxe3 17. Nxe5 Bxe5 18. d4 Qa7 19. Kh1 Bf6 20. Qf3 e2 21. Qxe2 Bxd4 22. Nxd4 Qxd4 23. c3 Qb6 24. Rd1 Be6 25. Qd3 0-0 26. Qd4 Qa5 27. Qg1 Bb3 28. Ra1 Ba2 29. e5 Re8 30. Qc5 Qa4 31. Qxc7 Qc4 32. Qxc4 Bxc4 33. Ra8 Kf8 34. Kg1 Ke7 35. Rxe8+ Kxe8 36. Kf2 Ke7 37. Ke3 f6 38. exf6+ Kxf6 39. Kd4 Kf5 40. Bf3 g6 41. h3 Ke6 42. Be4 Kf6 43. Bd3 Bxd3 44. Kxd3 Ke6 45. Kd4 Kd6 46. b4 h6 47. c4 bxc4 48. Kxc4 Kc6 49. h4 Kb6 50. g4 Kc6 51. b5+ Kb6 52. Kb4 h5 53. g5 Kb7 54. Kc5 Kc7 55. b6+ Kb7 56. Kb5 Kb8 57. Kc6 Kc8 58. Kd6 Kb7 59. Ke6 Kxb6 60. Kf6 Kc7 61. Kxg6 Kd7 1-0

[Event "Ludwigshafen-ch 21st"]
[Site "Ludwigshafen"]
[Date "2007.08.25"]
[Round "1"]
[White "Zielenski, Horst"]
[Black "Kelemen, Kornel"]
[Result "1-0"]
[WhiteElo "1868"]
[BlackElo "1378"]
[PlyCount "91"]
[EventDate "2007.08.25"]
[EventType "swiss"]
[EventRounds "7"]
[EventCountry "GER"]
[SourceTitle "EXT 2008"]
[Source "ChessBase"]
[SourceDate "2007.11.25"]
[SourceVersion "1"]
[SourceVersionDate "2007.11.25"]
[SourceQuality "1"]

1. d4 d5 2. c4 dxc4 3. e4 e6 4. Bxc4 Nc6 5. Nf3 Bb4+ 6. Nc3 Nge7 7. a3 Ba5 8. 0-0 0-0 9. Ne2 Bb6 10. b4 a6 11. Bb2 Ng6 12. Qc2 Nh4 13. Nxh4 Qxh4 14. Rad1 Ne7 15. Kh1 c6 16. f4 Bc7 17. Qc3 e5 18. dxe5 Bg4 19. e6 f6 20. Qe3 Rad8 21. Bd4 Bxe2 22. Bxe2 Rfe8 23. g3 Qh6 24. Bc4 Kh8 25. Bc5 f5 26. Bxe7 Rxe7 27. Rxd8+ Bxd8 28. Rd1 Re8 29. exf5 Qf6 30. Qd3 Rf8 31. Re1 Be7 32. g4 Qh4 33. Qe2 Qh3 34. Bd3 Rd8 35. Rd1 b5 36. g5 Rd4 37. Be4 Rxd1+ 38. Qxd1 Qxa3 39. Bxc6 Qxb4 40. Qf1 Qc5 41. Be4 a5 42. h4 b4 43. Qa1 Kg8 44. f6 gxf6 45. gxf6 Bf8 46. f7# 1-0